000 01512nam2a22002651 4500
001 RU\NLR\INFOCOMM19\1000040532
005 20250617161916.0
035 _a(NLR Aleph) 002771461
090 _a2322728
_c2322728
100 _a20040225d1987 |||y0rusy50 ca
101 0 _arus
102 _aRU
105 _ay |||||||||
200 1 _aОсновные принципы планирования и оплаты труда в торговле и общественном питании в новых условиях хозяйствования
_fЮ.П. Грызанов, Е.И. Данилов
210 _d1987
_aБ. м.
461 0 _1001RU\NLR\INFOCOMM19\1000040380
_12001#$aГосударственная торговля$iСерия "Торговля"$fМ-во торг. СССР. ЦНИИ науч., техн. и экон. информации в торговле и обществ. питании. Обзорная информация$v1987, Вып.1
_92321414
_cМ.
_d1972-
_fМ-во торг. СССР. ЦНИИ науч., техн. и экон. информации в торговле и обществ. питании. Обзорная информация
_iСерия "Торговля"
_tГосударственная торговля
_v1987, Вып.1
700 1 _aГрызанов
_bЮ.П.
_4070
701 1 _aДанилов
_bЕ.И.
_4070
801 1 _aRU
_bInfoComm
_c20040225
801 0 _aRU
_bNLR
_gPSBO
852 _aNLR
_jП22/3526
942 _cISSUE
980 _aNB
980 _aRUSPER